000 00320nam a2200145Ia 4500
100 _aHenriksen/E.K.
942 _cBK
654 _ajig & fixture
245 _aJig & fixture design manual
260 _bIndustrial Press
_aNew York
_c1973
082 _a621.992
_bHEN
300 _a312
546 _aENGLISH
999 _c22893
_d22893